[Event "BCF-chT4 2223 (4NCL)"]
[Site "England"]
[Date "2023.04.30"]
[Round "10.93"]
[White "Taylor, Robert P"]
[Black "Lovell, Steve"]
[Result "1/2-1/2"]
[WhiteElo "1742"]
[BlackElo "1849"]
[PlyCount "120"]
[EventDate "2022.11.05"]
[EventType "team-swiss"]
[EventRounds "11"]
[EventCountry "ENG"]
[SourceTitle "EXT 2024"]
[Source "ChessBase"]
[SourceDate "2023.10.10"]
[SourceVersion "1"]
[SourceVersionDate "2023.10.10"]
[SourceQuality "1"]
[WhiteTeam "Ashfield III"]
[BlackTeam "Iceni II"]
[WhiteTeamCountry "ENG"]
[BlackTeamCountry "ENG"]

1. d4 Nf6 2. Bg5 d5 3. e3 c5 4. c3 Nc6 5. Nf3 Bf5 6. Bd3 Bxd3 7. Qxd3 Ne4 8. Bf4 Qb6 9. Qc2 e6 10. Nbd2 cxd4 11. exd4 Rc8 12. 0-0 Bd6 13. Be3 Nxd2 14. Qxd2 Qc7 15. Rfe1 0-0 16. Qd3 h6 17. h3 a6 18. Qd2 Ne7 19. Nh4 Rfe8 20. Re2 Kh7 21. Rae1 Ng8 22. Qd3+ Kh8 23. Bd2 Be7 24. Nf3 Nf6 25. Ne5 Bd6 26. Bf4 Kg8 27. Qf3 Qe7 28. Ng4 Nxg4 29. Qxg4 Bxf4 30. Qxf4 b5 31. a3 a5 32. Qe5 Qd7 33. Re3 Rb8 34. Rg3 g6 35. b4 axb4 36. axb4 Rbc8 37. Ree3 Qc7 38. Qf6 Kh7 39. h4 Qe7 40. Qf4 h5 41. Rg5 Qc7 42. Qf3 Ra8 43. g3 Kg7 44. Rge5 Qc6 45. g4 f6 46. gxh5 fxe5 47. Qg4 Rg8 48. Rxe5 Kf7 49. Qf4+ Ke7 50. Qg5+ Kd7 51. hxg6 Rg7 52. Qf6 Rag8 53. h5 Qa6 54. Rxd5+ Kc7 55. Qe5+ Kc8 56. Rc5+ Kd8 57. Qb8+ Ke7 58. Qc7+ Ke8 59. Qb8+ Ke7 60. Qc7+ Ke8 1/2-1/2

[Event "BCF-chT4S 1819 (4NCL)"]
[Site "England"]
[Date "2019.05.05"]
[Round "10.113"]
[White "Lovell, Steve"]
[Black "Towers, Nigel S"]
[Result "1/2-1/2"]
[WhiteElo "1795"]
[BlackElo "1822"]
[PlyCount "40"]
[EventDate "2018.11.17"]
[EventType "team-swiss"]
[EventRounds "11"]
[EventCountry "ENG"]
[SourceTitle "EXT 2021"]
[Source "ChessBase"]
[SourceDate "2020.10.23"]
[SourceVersion "1"]
[SourceVersionDate "2020.10.23"]
[SourceQuality "1"]
[WhiteTeam "Iceni III"]
[BlackTeam "CSC Dragons III"]
[WhiteTeamCountry "ENG"]
[BlackTeamCountry "ENG"]

1. e4 c6 2. d4 d5 3. f3 e6 4. Nc3 Bb4 5. Nge2 dxe4 6. fxe4 Qh4+ 7. Ng3 Nf6 8. Bd3 0-0 9. Qf3 c5 10. a3 cxd4 11. axb4 dxc3 12. bxc3 Nc6 13. Qf4 Qxf4 14. Bxf4 h6 15. Be3 a6 16. Bc5 Rd8 17. Bc4 Ne5 18. Bb3 b5 19. Ke2 Bb7 20. Bd4 Nfd7 1/2-1/2

[Event "BCF-chT4S 1718 (4NCL)"]
[Site "England"]
[Date "2018.01.13"]
[Round "3.94"]
[White "Lovell, Steve"]
[Black "Sezer, Steve"]
[Result "1-0"]
[WhiteElo "1794"]
[BlackElo "1487"]
[PlyCount "105"]
[EventDate "2017.11.11"]
[EventType "team-swiss"]
[EventRounds "11"]
[EventCountry "ENG"]
[SourceTitle "EXT 2020"]
[Source "ChessBase"]
[SourceDate "2019.10.17"]
[SourceVersion "1"]
[SourceVersionDate "2019.10.17"]
[SourceQuality "1"]
[WhiteTeam "Iceni II"]
[BlackTeam "Barnet Knights III"]
[WhiteTeamCountry "ENG"]
[BlackTeamCountry "ENG"]

1. e4 c5 2. Nc3 e6 3. f4 Nc6 4. Nf3 Be7 5. Bb5 Qc7 6. d3 Nd4 7. Bc4 d6 8. Be3 Qb6 9. Bb3 Nxb3 10. axb3 Nf6 11. h3 Qd8 12. 0-0 b6 13. e5 dxe5 14. fxe5 Nd5 15. Bd2 Bb7 16. Qe1 0-0 17. Qg3 Nxc3 18. bxc3 g6 19. Bh6 Re8 20. Qf4 Bxf3 21. Rxf3 f5 22. exf6 Bxf6 23. Qxf6 Qxf6 24. Rxf6 e5 25. Raf1 b5 26. Rf7 Kh8 27. Rf8+ Rxf8 28. Rxf8+ Rxf8 29. Bxf8 a5 30. Bxc5 a4 31. bxa4 bxa4 32. d4 e4 33. Kf2 Kg7 34. Ke3 Kf6 35. Kxe4 h5 36. d5 g5 37. d6 Ke6 38. Ba3 g4 39. hxg4 hxg4 40. Kf4 g3 41. Kxg3 Kd7 42. Kf4 Ke6 43. g4 Kd7 44. Ke5 Ke8 45. Ke6 Kd8 46. d7 Kc7 47. Ke7 Kc6 48. d8Q Kb5 49. Qd5+ Kb6 50. Bc5+ Kb5 51. Bd4+ Ka6 52. Qc6+ Ka5 53. Qb6# 1-0

[Event "BCF-chT4 1516 (4NCL)"]
[Site "England"]
[Date "2016.01.17"]
[Round "4.178"]
[White "Tarr, Steve"]
[Black "Lovell, Steve"]
[Result "1/2-1/2"]
[WhiteElo "1900"]
[BlackElo "1766"]
[PlyCount "132"]
[EventDate "2015.11.14"]
[EventType "team-swiss"]
[EventRounds "11"]
[EventCountry "ENG"]
[SourceTitle "EXT 2017"]
[Source "ChessBase"]
[SourceDate "2016.10.25"]
[SourceVersion "1"]
[SourceVersionDate "2016.10.25"]
[SourceQuality "1"]
[WhiteTeam "Shropshire II"]
[BlackTeam "Iceni II"]
[WhiteTeamCountry "ENG"]
[BlackTeamCountry "ENG"]

1. d4 d5 2. Bf4 Nf6 3. e3 e6 4. Nf3 c5 5. c3 Nc6 6. Bd3 cxd4 7. exd4 Qb6 8. Qb3 Qxb3 9. axb3 Bd7 10. h3 Rc8 11. b4 Nh5 12. Bd2 a6 13. g4 Nf6 14. Bf4 h6 15. Nbd2 Be7 16. Nb3 g5 17. Bg3 Ne4 18. Bxe4 dxe4 19. Ne5 Nxe5 20. dxe5 Bb5 21. Nd4 Bd3 22. Kd2 0-0 23. Rhe1 Rfd8 24. Ke3 Rc4 25. Nb3 Bc2 26. Nd4 Bd3 27. Nb3 Bc2 28. Na5 Rc7 29. Rec1 Bd3 30. Rd1 Rcd7 31. Rd2 Rc7 32. Rad1 b6 33. Nb3 Rdc8 34. Nc1 Bb5 35. Kxe4 a5 36. bxa5 Rc4+ 37. Rd4 Bc6+ 38. Kd3 Rxd4+ 39. cxd4 bxa5 40. Ne2 Bb5+ 41. Ke3 Bb4 42. Rc1 Rxc1 43. Nxc1 a4 44. Nd3 Be7 45. Nc5 Kf8 46. f4 Ke8 47. f5 Kd8 48. fxe6 Bxc5 49. dxc5 fxe6 50. h4 Kd7 51. hxg5 hxg5 52. Kd4 Kc6 53. Be1 Be2 54. Bd2 Bxg4 55. Bxg5 Kb5 56. Bd2 Bf3 57. Be1 Bg2 58. Bd2 Bh1 59. Bh6 Bg2 60. Bf8 Bd5 61. Kd3 Bb3 62. Ke4 Bd5+ 63. Kf4 Kc6 64. Kg5 Bb3 65. Kf6 Bc4 66. Bd6 Bb3 1/2-1/2